00333nam a2200109Ia 4500008004100000082001500041100001900056245003000075942000600105952009700111999001500208240331s9999 xx 000 0 und d a303.6bPAD aPadmakumara, M 0aThere are no more rainbow cL 001040708LaWERCLbWERCLcSSCd2024-03-31l0o 303.6 PADp2636r2024-03-31w2024-03-31yL c1271d1271